Calculs for beginners (Record no. 1382724)

MARC details
000 -LEADER
fixed length control field 00518nam a2200193Ia 4500
005 - DATE AND TIME OF LATEST TRANSACTION
control field 20250508163401.0
008 - FIXED-LENGTH DATA ELEMENTS--GENERAL INFORMATION
fixed length control field 008 250505s9999 xx 000 0 eng d
037 ## - SOURCE OF ACQUISITION
Stock number Textual
040 ## - CATALOGING SOURCE
Original cataloging agency FEDL
Language of cataloging eng
Transcribing agency FEDL
041 ## - LANGUAGE CODE
Language code of text/sound track or separate title eng
Source of code eng
084 ## - COLON CLASSIFICATION NUMBER
Classification number 515, ARO
Assigning agency FEDL
100 ## - MAIN ENTRY--PERSONAL NAME
Personal name Arora Prem Nath
9 (RLIN) 154698
245 #0 - TITLE STATEMENT
Title Calculs for beginners
260 ## - PUBLICATION, DISTRIBUTION, ETC.
Place of publication, distribution, etc. Delhi, India
Name of publisher, distributor, etc. Ustadan Di Hatti
Date of publication, distribution, etc. 1968
300 ## - PHYSICAL DESCRIPTION
Extent 135p
700 ## - ADDED ENTRY--PERSONAL NAME
Personal name Prem Nath
9 (RLIN) 775244
942 ## - ADDED ENTRY ELEMENTS (KOHA)
Koha item type Textual
Classification part 515, ARO
Holdings
Withdrawn status Lost status Damaged status Not for loan Home library Current library Date acquired Total Checkouts Full call number Barcode Date last seen Price effective from Koha item type
        Department of Education Library Department of Education Library 2025-05-08   515, ARO EL0076069 2025-05-08 2025-05-08 Textual
Copyright @ Delhi University Library System